Регионална библиотека "Любен Каравелов" - Русе

Изкуството да не си вгорчаваме живота (Запис номер 174682)

MARC детайли
000 -Лидер
Контролно поле с фиксирана дължина 02203nam a2200469 c 4500
003 - Код на организацията, давaща контролен номер
Контролно поле BLK
005 - Дата и час на последна редакция
Контролно поле 20250618155132.0
008 - Елементи от данни с фиксирана дължина
fixed length control field 180411b bul|||||r ||||||| ||bul||
010 ## - Наследен системен номер
LC control number KNG00183178000
020 ## - Международен стандартен номер на книга ISBN
Международен стандартен номер на книга ISBN 978-954-26-1378-7
040 ## - Източник на каталожния запис
Идентификатор на билиотеката - собственик на записа BLK
041 ## - Код за език
Код за езика на текст/звукозапис или на отделно заглавие Български
Код за езика КДБФ Български
072 #7 - Код за тематичната категория
Код организация bullib
Код за тематична категория Н15
Текст Психология Н
072 #7 - Код за тематичната категория
Код организация bullib
Код за тематична категория Л03
Текст Себепознание. Мисловни техники. Психология. Парапсихология
080 ## - УДК
Текстов определител УДК Развитие на личността. Самосъзнание
УДК код - определител по УДК 159.923.2
УДК - код + определител 159.923.2
080 ## - УДК
Текстов определител УДК Когнитивна психология (вж и 159.9.019)
УДК код - определител по УДК 159.93/.95
УДК - код + определител 159.93/.95
100 1# - Редна дума - Автор
Автор Сантандреу, Рафаел
Авторска отговорност първи автор
R(LIN) 118825
139 ## - Редно поле
Редна дума Сантандреу, Рафаел
Авторски знак Сан - С 18
245 10 - Сведения за заглавието
Заглавие Изкуството да не си вгорчаваме живота
Подзаглавни данни Техники за психологическа промяна и личностно израстване
Редно поле (дума) Рафаел Сантандреу; прев. от исп. Мариана Георгиева Китипова.
257 ## - Страна на издаване
Страна на създаване/издаване Испания
260 ## - Област на издателските данни
Място на издаване, разпространение и проч. Пловдив
Име на издателя, разпространителя и проч. Хермес
Година на издаване 2014
Печатница София : Алианс принт
300 ## - Физическа характеристика
Страници 272 с.
Илюстрации и др. със сх.
Размери/Мащаб 20 см
380 ## - Жанр
Жанр Философия
490 ## - СЕРИИ (Колекции)
Име на серия Психология за всеки ден
500 ## - Общи забележки
Забележка Ориг. загл. El arte de no amargarse la vida / Rafael Santandreu
650 #4 - Допълнително описание по предмет – тема
Основно описание – тема или топоним Самоусъвършенстване
9 (RLIN) 170201
650 #4 - Допълнително описание по предмет – тема
Основно описание – тема или топоним Личност - психология
9 (RLIN) 243160
650 #4 - Допълнително описание по предмет – тема
Основно описание – тема или топоним Психология, когнитивна
9 (RLIN) 256511
653 ## - Ключова дума – ненормативна
Ключова дума психология на личността
653 ## - Ключова дума – ненормативна
Ключова дума когнитивна психология
653 ## - Ключова дума – ненормативна
Ключова дума самоусъвършенстване
659 ## - Тематичен бюлетин
Тематичен бюлетин Л
659 ## - Тематичен бюлетин
Тематичен бюлетин Н
700 1# - Други автори (авторска отговорност)
Лично име Китипова, Мариана Георгиева
Автороска отговорност (Описва отношението между автора и произведението) прев. от исп.
9 (RLIN) 367953
852 ## - Местоположение
Форматна сигнатура Цб 277212
856 4# - Електронен адрес и достъп
Електронен формат pdf - файл
856 4# - Електронен адрес и достъп
Електронен формат pdf - файл
942 ## - АРТИКУЛИ
Вид на библиотечния материал Книги
Скрит в OPAC Не
Koha issues (borrowed), all copies 15
944 ## - СЪЗДАВАНЕ И РЕДАКЦИЯ на ЗАПИСА
Създаване/Редакция Създаване
Дата на регистрацията/редакция 05.10.2015
Статус, дата на статуса Теодора Пейчева-Дянкова
Служител, извършил регистрацията/редакцията 30556
944 ## - СЪЗДАВАНЕ И РЕДАКЦИЯ на ЗАПИСА
Създаване/Редакция Редакция
Дата на регистрацията/редакция 19.05.2017
Статус, дата на статуса ф /
Служител, извършил регистрацията/редакцията Людмила_Стоянова
999 ## - СИСТЕМНИ КОНТРОЛНИ НОМЕРА
Koha biblionumber 174682
Koha biblioitemnumber 174682
999 ## - СИСТЕМНИ КОНТРОЛНИ НОМЕРА
Koha biblioitemnumber 174682
Наличности
Код за отписване Код за изгубен артикул Код за повреда Коз за рестрикции Код за отдаване Артикулен № Име на библиотеката - собственик Име на библиотеката, в която се намира в момента Статус (Текущо местоположение) Дата на вписване в системата Местоположение - отдел Цена в лева Инвентарен номер Систематично азбучна сигнатура Баркод Номер на екземпляра Цена в евро Служебна бележка Служебен тип на артикула Източник на класификационната схема
  Не е изгубен Не е повреден без рестрикции ползва се в читалня 300228 Регионална библиотека "Любен Каравелов" Русе Регионална библиотека "Любен Каравелов" Русе Хранилище 2015-10-02 Хранилище 14.95 120000793284 Цб 277212 120000793284 1 7.64 Дост: Dp Вид: Д N: 31 Дата: 16.07.2015 Книги  
Изтеглен Не е изгубен Не е повреден без рестрикции заемане за дома 300229 Регионална библиотека "Любен Каравелов" Русе Регионална библиотека "Любен Каравелов" Русе Заемна - подръчен фонд 2017-05-12 Заемна - подръчен фонд 8.96 120000810724 П 159.92/С 18 120000810724 2 4.58 Дост: Pk Вид: Ф N: 830 Дата: 12.05.2017 Дата инв: 14.03.2018 Бележки инв: П2018 Книги Universal Decimal Classification
  Не е изгубен Не е повреден без рестрикции заемане за дома 729899 Регионална библиотека "Любен Каравелов" Русе Регионална библиотека "Любен Каравелов" Русе Заемна - подръчен фонд 2019-07-11 Заемна - подръчен фонд 14.95   П 159.92/С 18 120000833684   7.64   Книги Universal Decimal Classification
Vip Innovations Ltd, Rousse, Bulgaria 2025